00655nam a22001817a 4500008004100000020001800041040005700059041000800116100001800124245009700142250001100239260005700250300003600307650003500343650004000378650003200418700002300450130821s2010 xxua grff eng  a9780393933611 aCO-BoUCMcAngélica RojasdAldemar Mondragónbspa00aeng1 aGraff, Gerald14aThey say / I say the moves that matter in academic writingcGerald Graff, Cathy Birkenstein a2nd ed aNueva York (Estados Unidos)bW.W. Norton & Co.c2010 axxvi, 245 páginasbgráficas 7aInglésxRetóricavManuales 7aPersuasión (Retórica)vManuales 7aReportes escritosvManuales1 aBirkenstein, Cathy